Premier League Eras: 2004-2010 Manchester United & Chelsea - Statistics

General Stats
  • This quiz has been taken 18 times
  • The average score is 17 of 24
Answer Stats
Hint Answer % Correct
Title Winners 2004/05 Chelsea
100%
2005/06 Chelsea
100%
2009/10 Chelsea
100%
2006/07 Manchester United
100%
2007/08 Manchester United
100%
2008/09 Manchester United
100%
2007/08 Cristiano Ronaldo
94%
The 2004/05 Chelsea team hold the record for the fewest goals conceded in a Premier League season. How many did they concede? 15
88%
Man United went into the relegation zone in 2007/08. True or False? True
82%
2006/07 Didier Drogba
76%
How many points did Chelsea win the league by in 2005/06? 8
71%
2009/10 Didier Drogba
71%
2008/09 Nicolas Anelka
71%
Golden Boot Winners 2004/05 Thierry Henry
71%
2005/06 Thierry Henry
71%
How many goals did Chelsea beat Wigan by on the final day to win the 2009/10 title? 8
65%
Which team did United draw to which handed them the title in 2008/09? Arsenal
59%
Who did Chelsea fail to beat which handed United the 2006/07 title? Arsenal
53%
Who was the Chelsea manager who won the title in his first season? Carlo Ancelotti
53%
On 30th April 2005, Chelsea won 2-0 and went 11 points clear with 3 games left, crowning them Premier League Champions. Which team did they beat with two goals from Frank Lampard? Bolton Wanderers
41%
Who did Man United beat on the final day to win the 2007/08 title? Wigan Athletic
41%
In 2005/06, Chelsea embarked upon the best title defence in Premier League History. They lost 0 home games, won 18, won 20 of their first 22 games. They also won 29 games all season which matched which team’s record from the Premier League era? Chelsea
35%
Who did Man United score 4 goals in the first 20 minutes against on the opening day of the 2006/07 season? Fulham
35%
Whose goal against Wigan put United within one point of sealing the 2008/09 title? Michael Carrick
24%
No matching quizzes found
Score Distribution
Percent of People with Each Score
Percentile by Number Answered
Your Score History
You have not taken this quiz